000 00589nam a2200229Ia 4500
003 OSt
005 20221005130701.0
006 a|||||r|||| 00| 0
007 ta
008 221004b |||||||| |||| 00| 0 kan d
024 _a59443
037 _cTextual
040 _aCRL
_cCRL
_bkan
041 _2kan
_akan
082 _aO33:g(Y), L7
100 _aSivarudrappa G S Ed.
_9638479
245 0 _aSahitya mattu samagika prajne
260 _c1977
650 _aKANNAD LITERATURE
942 _hO33:g(Y), L7
_cTEXL
_2cc
999 _c1058034
_d1058034